Communes de la Communauté de Communes du Grand Pic Saint-Loup - Statistiques

Statistiques générales
  • Ce quiz a été pris 9 fois
  • Le résultat moyen est 29 sur 36
Réponses sur la Carte
Les réponses sont colorées sur une échelle allant du rouge au vert en fonction du pourcentage des utilisateurs qui les ont devinées à leur premier essai. Vous pouvez retrouver ces pourcentages ci-dessous.
 
Statistiques - réponses
Communes % Correct
1 Assas
100%
2 Buzignargues
100%
4 Cazevieille
100%
5 Claret
100%
6 Combaillaux
100%
10 Lauret
100%
12 Les Matelles
100%
11 Le Triadou
100%
15 Notre-Dame-de-Londres
100%
16 Pégairolles-de-Buèges
100%
17 Rouet
100%
18 Saint-André-de-Buèges
100%
19 Saint-Bauzille-de-Montmel
100%
20 Saint-Clément-de-Rivière
100%
29 Sainte-Croix-de-Quintillargues
100%
21 Saint-Gély-du-Fesc
100%
23 Saint-Jean-de-Buèges
100%
25 Saint-Jean-de-Cuculles
100%
26 Saint-Martin-de-Londres
100%
27 Saint-Mathieu-de-Tréviers
100%
30 Sauteyrargues
100%
31 Teyran
100%
32 Vacquières
100%
33 Vailhauquès
100%
34 Valflaunès
100%
35 Viols-en-Laval
100%
36 Viols-le-Fort
100%
7 Ferrières-les-Verreries
50%
8 Fontanès
50%
13 Mas-de-Londres
50%
3 Causse-de-la-Selle
0%
9 Guzargues
0%
14 Murles
0%
22 Saint-Hilaire-de-Beauvoir
0%
24 Saint-Jean-de-Cornies
0%
28 Saint-Vincent-de-Barbeyrargues
0%
Aucun quiz correspondant
Distribution des résultats
% des personnes avec chaque résultat
Percentile par nombre de réponses
Votre historique - résultats
Vous n’avez pas pris ce quiz